[Event "Zlatni otok Krk Open 2020"]
[Site "Malinska"]
[Date "2020.11.05"]
[Round "1.1"]
[White "Doric, Darko"]
[Black "Skocibusic, Davor"]
[Result "1-0"]
[WhiteElo "2484"]
[BlackElo "1828"]
[Annotator "TA"]
[PlyCount "37"]
[EventDate "2020.11.05"]
[EventType "swiss"]
[EventCountry "CRO"]
[SourceTitle "playchess.com"]
[Source "ChessBase"]
[SourceQuality "1"]
[WhiteTeamCountry "CRO"]
[BlackTeamCountry "CRO"]

{[%evp 9,37,7,13,7,10,9,17,13,27,-6,37,2,5,-2,-8,-14,70,60,61,66,132,104,499,493,508,485,492,480,521,521]} 1. d4 d5 2. Bf4 Bf5 3. e3 e6 4. c4 Nf6 5. Nc3 Bd6 6. Bg3 {D00: 1 d4 d5: Unusual lines.} c6 7. Qb3 Bxg3 8. hxg3 {[#] The position is equal.} Nbd7 $146 ({Predecessor:} 8... Qb6 9. f3 Qxb3 10. axb3 Nbd7 11. g4 Bc2 12. g5 Ng8 13. Ra3 Ne7 14. Nh3 Nf5 {½-½ (20) Grachev,B (2652)-Bakalarz,M (2283) Bethune 2009}) 9. Nf3 dxc4 10. Bxc4 Qb6 11. Qa3 h6 12. O-O (12. Na4 $5 {[%cal Ra4b6]} Qa5+ 13. b4 $11) 12... g5 (12... a5 $11) 13. Rfe1 $1 $14 g4 14. Nd2 O-O-O (14... Bg6 $14) 15. Bf1 {Threatens to win with Nc4.} e5 $2 {[%mdl 8192] Now Black is done in.} (15... Kb8 $16) 16. Nc4 $18 {[%mdl 64] [#] Double Attack. White is clearly winning.} Qc7 17. Nd6+ {[%mdl 64] Double Attack} Kb8 18. Nxf5 exd4 19. exd4 {Av CentiPawn Loss W=-11/B=-51. Weighted=-13/-99} 1-0

[Event "Zlatni otok Krk Open 2020"]
[Site "Malinska"]
[Date "2020.11.05"]
[Round "1.2"]
[White "Gall, Toni Peter"]
[Black "Martic, Zlatko"]
[Result "0-1"]
[WhiteElo "1787"]
[BlackElo "2298"]
[Annotator "TA"]
[PlyCount "110"]
[EventDate "2020.11.05"]
[EventType "swiss"]
[EventCountry "CRO"]
[SourceTitle "playchess.com"]
[Source "ChessBase"]
[SourceQuality "1"]
[WhiteTeamCountry "CRO"]
[BlackTeamCountry "CRO"]

{[%evp 9,110,17,50,29,31,20,18,-54,-54,-54,-54,-55,-58,-56,-64,-61,-38,-100,-70,-76,-8,-126,-75,-287,-159,-168,-168,-167,-167,-152,-159,-152,-158,-218,-225,-203,-215,-241,-156,-147,-154,-386,-350,-326,-327,-358,-361,-342,-327,-345,-343,-347,-337,-910,-906,-902,-843,-932,-946,-851,-646,-2437,-285,-257,-225,-382,-375,-331,-179,-150,-170,-263,-268,-283,-281,-293,-295,-281,-278,-818,-790,-759,-752,-873,-389,-29984,-5377,-29984,-868,-747,-661,-557,-551,-906,-898,-874,-855,-736,-700,-5402,-1177,-29979,-29981]} 1. c4 e5 2. g3 Nc6 3. Bg2 Bc5 4. Nc3 d6 5. e3 a6 6. a3 {A25: English Opening vs King's Indian with ...Nc6 but without early d3.} Ba7 7. b4 Be6 {[#]} 8. b5 $146 (8. Nd5 $11) ({Predecessor:} 8. d3 Qd7 9. Nd5 Nd8 10. Nf3 c6 11. Nc3 Ne7 12. O-O O-O 13. Bb2 f6 14. Rc1 {½-½ (57) Spielmann,A (2235)-Bernhardt,R (2288) Germany 2012}) 8... axb5 $15 9. cxb5 Na5 10. Rb1 Nf6 11. Nge2 O-O 12. O-O Qd7 13. f4 ({Better is} 13. d3 $15) 13... Bh3 14. Qa4 Rfe8 (14... Bf5 $17 15. fxe5 dxe5) 15. Kh1 {[#]} (15. fxe5 $11 dxe5 16. Bxh3 Qxh3 17. Rxf6 gxf6 18. Nd5) 15... Bb6 ({Black should try} 15... e4 $1 {[%mdl 512]} 16. Bxh3 (16. Qxa5 $2 Bc5 $19) (16. Nxe4 Nxe4) 16... Qxh3) 16. Ne4 $2 {[#]} (16. d3 $17) 16... Bxg2+ (16... Nxe4 $1 $19 17. Qxe4 Bf5) 17. Kxg2 $17 Nxe4 18. Qxe4 d5 19. Qc2 d4 20. exd4 exd4 21. Qd3 (21. d3 $17) 21... Qd5+ $19 22. Rf3 Rad8 23. f5 Nc4 24. Nf4 Qc5 {Strongly threatening ...Re1.} 25. Qf1 $2 {This costs White the game.} (25. Rf1 $17) 25... Ne5 26. Rfb3 Qc2 {aiming for ...Qe4+.} 27. Nd3 Nxd3 28. Qxd3 Qd1 29. Bb2 Qh5 {Hoping for ...Re2+.} 30. h4 Qg4 {And now ...Re2+ would win.} 31. Rf1 $2 (31. Qf3 Re2+ {[%mdl 64] Double Attack} 32. Kf1 Qxf3+ 33. Rxf3 Rxd2 34. Rf2) 31... Re2+ 32. Rf2 Rde8 33. Rxe2 Rxe2+ ({Less strong is} 33... Qxe2+ 34. Qxe2 Rxe2+ 35. Kf3 $17) 34. Kf1 Re5 {( -> ...Qh3+)} 35. Rb4 Rxf5+ $2 (35... Qd1+ 36. Kg2 Re2+ 37. Kh3 Rxd2 38. Qxd2 Qxd2) 36. Kg2 {[%cal Rb2d4]} Rd5 37. a4 $2 (37. Ra4 {was called for.} Rd8 38. Qf3) 37... h5 38. a5 Bxa5 (38... Bc5 $142 39. Rc4 Re5 40. Bxd4 Qd7) 39. Ra4 b6 40. Bxd4 (40. Rxd4 $142 Rxd4 41. Qxd4) 40... Qd7 41. Qe4 Qxb5 42. Bc3 Rd8 43. Rd4 Re8 44. Qf4 $2 (44. Qd3 Qc6+ 45. Kh2) 44... Bxc3 45. dxc3 {[%mdl 4096] Endgame KQR-KQR} Re2+ 46. Kf3 Re1 (46... Rh2 $142 {[%csl Gh2][%cal Rb5e2]} 47. Rd8+ Kh7 48. Qe4+ g6) 47. Rd2 $2 (47. Kg2 $19) 47... Rf1+ (47... Qf1+ $142 48. Rf2 Qh1+ 49. Rg2 Rf1+ {[%mdl 64] Skewer} 50. Ke3 Rxf4 51. gxf4 Qxg2 52. c4 Qh3+ 53. Kd2 Qxh4 54. Ke3 Qe1+ 55. Kd3 h4 56. c5 h3 57. cxb6 cxb6 58. f5 h2 59. Kd4 h1=Q 60. Kc4 Qee4+ 61. Kc3 Qa1+ 62. Kd2 Qae1#) 48. Rf2 Qc6+ (48... Qd5+ $142 49. Ke3 Re1+ 50. Re2 Qe6+ 51. Qe4 Rxe2+ {[%mdl 64] Overworked Piece} 52. Kxe2 Qxe4+ 53. Kd2 Qg2+ 54. Ke3 Qxg3+ 55. Kd4 Qxh4+ 56. Kd3 Qg3+ 57. Kc4 h4 58. Kb5 h3 59. c4 h2 60. Ka6 h1=Q 61. Ka7 Qa3+ 62. Kb8 Qaa8+ 63. Kxc7 Qhc6#) 49. Ke2 Rxf2+ 50. Kxf2 Qxc3 {KQ-KQ} 51. Qe4 g6 52. g4 Qf6+ 53. Kg3 Qd6+ 54. Kf3 hxg4+ 55. Qxg4 Qd1+ {Av CentiPawn Loss W=-147/B=-109. Weighted=-153/-133} 0-1

[Event "Zlatni otok Krk Open 2020"]
[Site "Malinska"]
[Date "2020.11.05"]
[Round "1.3"]
[White "Doric, Nenad"]
[Black "Colev, Ivor"]
[Result "1/2-1/2"]
[WhiteElo "2249"]
[BlackElo "1769"]
[Annotator "TA"]
[PlyCount "47"]
[EventDate "2020.11.05"]
[EventType "swiss"]
[EventCountry "CRO"]
[SourceTitle "playchess.com"]
[Source "ChessBase"]
[SourceQuality "1"]
[WhiteTeamCountry "CRO"]
[BlackTeamCountry "CRO"]

{[%evp 11,47,27,29,10,33,15,14,9,18,-5,22,0,0,0,12,0,8,16,16,16,40,28,36,0,0,-4,0,-12,-4,-2,-1,-2,29,0,-7,-12,0,7]} 1. d4 f5 2. g3 Nf6 3. Bg2 g6 4. c3 Bg7 5. Qb3 c6 6. Nd2 d5 7. Nh3 {A81: Dutch Defence: 2 g3.} O-O 8. Nf3 Ne4 9. Nf4 e6 10. O-O Qe7 11. Nd3 Nd7 {[#]} 12. Bf4 $146 ({Predecessor:} 12. a4 a5 13. Qa3 Qxa3 14. Rxa3 b6 15. Bf4 Ba6 16. Re1 Rfc8 {½-½ (16) Staller,P (2275)-Niebling,F (2216) Sottrum 2005}) 12... c5 13. Qa3 b6 14. Nfe5 Nxe5 15. Bxe5 Bxe5 16. Nxe5 Qc7 17. f3 Nd6 18. Rfe1 Bb7 19. Qb3 Rac8 20. e3 c4 21. Qc2 b5 22. f4 a5 23. a3 Ra8 24. Bf3 {Av CentiPawn Loss W=-10/B=-9. Weighted=-11/-8} 1/2-1/2

[Event "Zlatni otok Krk Open 2020"]
[Site "Malinska"]
[Date "2020.11.05"]
[Round "1.4"]
[White "Lovrinic, Vlatko"]
[Black "Stocko, Josip"]
[Result "0-1"]
[WhiteElo "1767"]
[BlackElo "2241"]
[Annotator "TA"]
[PlyCount "56"]
[EventDate "2020.11.05"]
[EventType "swiss"]
[EventCountry "CRO"]
[SourceTitle "playchess.com"]
[Source "ChessBase"]
[SourceQuality "1"]
[WhiteTeamCountry "CRO"]
[BlackTeamCountry "CRO"]

{[%evp 14,56,-14,-12,23,0,0,0,0,2,-4,0,-4,-45,-42,-44,-16,-6,-14,-6,0,-10,-24,-35,-35,-41,-45,-51,-33,-40,-8,-68,-52,-79,-30,-30,-13,-29,-19,-19,-10,-517,-514,-1006,-1004]} 1. d4 Nf6 2. Bf4 d5 3. e3 c5 4. c3 Nc6 5. Nd2 e6 6. Bd3 Bd6 7. Bg3 O-O 8. Ngf3 g6 {D02: 1 d4 d5 2 Nf3 sidelines, including 2...Nf6 3 g3 and 2...Nf6 3 Bf4.} 9. Ne5 cxd4 10. exd4 Nh5 {The position is equal.} 11. Nxc6 bxc6 12. Bxd6 Qxd6 {[#]} 13. Nb3 $146 ({Predecessor:} 13. O-O Rb8 14. Rb1 Bb7 15. g3 Ba8 16. b4 Nf6 17. Nb3 e5 18. dxe5 Qxe5 19. Qd2 {1-0 (45) Perry,W (2210)-Hadley,D ICCF email 2018}) 13... e5 14. O-O a5 15. dxe5 Qxe5 16. Re1 Qf6 17. Qd2 a4 18. Nc5 Ra5 19. b4 axb3 $1 20. Nxb3 Ra4 21. Nc5 Ra3 (21... Nf4 $5 {[%cal Rf6g5]} 22. Re3 (22. Nxa4 $2 {too greedy.} Qg5 $19) 22... Ra3 $15) 22. Rac1 (22. c4 $11) 22... Qd6 $36 {[%mdl 2048] Black has the initiative.} 23. Nb3 Bd7 24. c4 Rfa8 25. Rc2 Qf4 26. cxd5 cxd5 27. Re2 $2 {[%mdl 8192] [#]} (27. Re3 $11) 27... Rxb3 $1 $19 {[%mdl 512]} 28. Qxf4 (28. axb3 $142 Ra1+ 29. Qe1 Rxe1+ 30. Rxe1) 28... Nxf4 {Av CentiPawn Loss W=-59/B=-9. Weighted=-89/-10} 0-1

[Event "Zlatni otok Krk Open 2020"]
[Site "Malinska"]
[Date "2020.11.05"]
[Round "1.5"]
[White "Vojak, Daniel"]
[Black "Kovac, Mihael"]
[Result "1/2-1/2"]
[WhiteElo "2236"]
[BlackElo "1755"]
[Annotator "TA"]
[PlyCount "159"]
[EventDate "2020.11.05"]
[EventType "swiss"]
[EventCountry "CRO"]
[SourceTitle "playchess.com"]
[Source "ChessBase"]
[SourceQuality "1"]
[WhiteTeamCountry "CRO"]
[BlackTeamCountry "CRO"]

{[%evp 9,159,14,43,41,47,44,52,42,47,35,25,27,49,35,22,0,36,34,34,27,38,35,47,14,0,0,8,0,0,0,22,-30,-34,-56,19,-55,0,-64,-72,-192,-176,-179,-90,-100,-22,-25,-33,-53,-64,-106,10,-97,0,0,0,-20,-13,-116,-60,-673,-657,-643,-579,-825,-416,-723,-492,-417,-393,-373,-349,-404,-353,-399,-272,-288,-244,-214,0,-286,-276,-498,-497,-475,-401,-487,-484,-469,-484,-1092,-1018,-1018,-791,-866,-771,-683,-676,-884,-853,-29939,-29941,-29947,-29947,-29943,-12147,-12810,-12790,-5513,-1364,-29967,-5334,-5513,0,-29967,-29968,-29968,-29963,-12791,-12780,-5998,-5609,-12780,-12780,-29968,-29961,-29964,-29965,-29971,-29964,-29965,-29965,-29965,-29967,-29962,-12798,-12786,-7797,-12797,-6456,-12795,-200,-4092,-8,-8,-8,-8,-1,-1,-1,-1,-1,-1]} 1. Nf3 d5 2. c4 c6 3. b3 Nf6 4. Bb2 Bf5 5. g3 {[#]} Bxb1 $146 ({Predecessor:} 5... e6 6. Bg2 Nbd7 7. O-O h6 8. d4 Be7 9. Nc3 O-O 10. e3 Ne4 11. Qe2 Qa5 12. Rfc1 Rac8 13. a3 Qa6 14. a4 Nxc3 15. Bxc3 Be4 16. Bf1 dxc4 17. bxc4 c5 {0-1 (55) Cordova,E (2609)-Durarbayli,V (2629) Saint Louis 2018}) 6. Qxb1 {A12: English Opening: 1...c6 with b3 by White.} e6 7. Bg2 Bd6 8. O-O {White is slightly better.} Nbd7 9. d3 e5 10. Qc2 Qe7 11. Rac1 O-O 12. Qb1 b5 13. cxb5 cxb5 14. Rc6 Rac8 15. Rfc1 Nb6 16. Bh3 Rxc6 17. Rxc6 d4 18. Nd2 Nfd5 19. Ne4 Ba3 20. Qc1 (20. Bxa3 $142 $1 Qxa3 21. Qc2) 20... Bxb2 $11 21. Qxb2 b4 (21... f5 $15 22. Nd2 Qb7) 22. Qd2 ({White should try} 22. Qc1 $11) 22... Nc3 (22... f5 $15 23. Ng5 Rf6 24. Rxf6 Qxf6) 23. Bf5 (23. Qg5 $11 Qxg5 24. Nxg5) 23... Nbd5 $15 24. e3 (24. h4 $17) 24... g6 $19 25. Bh3 f5 (25... dxe3 $1 $19 26. fxe3 Nxe4 27. dxe4 Nc3) 26. Nc5 $17 Qg5 (26... Rf6 $17 27. Rxf6 Nxf6 28. exd4 exd4) 27. Ne6 $11 {[%mdl 64] Double Attack} dxe3 28. fxe3 (28. Nxg5 $2 {too greedy.} exd2 29. Bf1 d1=Q $19) 28... Qf6 29. Bg2 Re8 (29... f4 $1 $17 {[%cal Rf4e3]} 30. exf4 exf4) 30. Nd4 (30. Bxd5 $11 Nxd5 31. e4) 30... Qg5 (30... Qd8 $17 31. Ne2 Nxe2+ 32. Qxe2 Nc3) 31. Nc2 a5 32. Rc5 Qd8 33. a3 (33. Bxd5+ $11 {remains equal.} Nxd5 34. Qg2) 33... f4 ({Black should play} 33... Nf6 $17 34. Rc6 (34. axb4 $2 Nfe4 $19) 34... Nfe4 $1 {[%mdl 512]} 35. Bxe4 Nxe4 {[%mdl 64] Pin}) 34. e4 $2 {[%mdl 8192]} (34. Bxd5+ $15 Nxd5 35. axb4 axb4 36. exf4 exf4 37. Qg2) 34... Qb6 $19 35. axb4 axb4 36. Qf2 Ne3 37. Rc4 (37. Nxe3 $142 Qxc5 38. Ng4) 37... Nxc4 38. dxc4 Qxf2+ 39. Kxf2 fxg3+ 40. hxg3 {[%mdl 4096] Endgame KRN-KBN} Rb8 41. Ke3 Kg7 42. Bh3 Nd1+ 43. Ke2 Nc3+ 44. Ke3 Kf6 45. Kd3 $2 (45. c5 Ke7 46. Kd3) 45... Rd8+ 46. Ke3 Na2 47. c5 {c6 is the strong threat.} Ke7 48. Ne1 Nc1 49. Nf3 (49. c6 $142 Kd6 50. Nc2) 49... Rd3+ {[%mdl 64] Double Attack} 50. Kf2 Kf6 51. Nh2 Rc3 52. Ng4+ Ke7 53. Ne3 Rxc5 54. Nd5+ {[#]} Rxd5 $1 55. exd5 Nxb3 {KB-KN} 56. Ke3 Kd6 (56... Nc5 $142 57. Bf1 b3 58. Bc4 b2 59. Ba2 Kd6 60. Kf3 Na4 61. Bb1 {[#]} Nc3 $1 {[%mdl 512]} 62. Bc2 h5 63. g4 h4 64. g5 e4+ $1 {[%mdl 512]} 65. Kg4 e3 66. Kxh4 e2 67. Kg4 e1=Q 68. Bxg6 Ne4 69. Bh7 b1=Q 70. Kh5 Qg3 71. Kg6 Qxg5+ 72. Kf7 Qb7+ {[%mdl 64] Double Attack} 73. Kf8 Qbe7#) 57. Bg2 Nd4 58. Kd3 Kc5 (58... Nf5 $142 59. g4 Ng3) 59. g4 Kd6 (59... Nb5 $142 60. Ke4 b3 61. Kxe5 b2 62. Be4 Nc3 63. Bd3 Nxd5 64. g5 Nc3 65. Bc2 b1=Q 66. Bxb1 Nxb1 67. Kf4 Kd4 68. Kf3 Nd2+ 69. Ke2 Ne4 70. Ke1 Nxg5 71. Kd2 Ne4+ 72. Ke2 h5 73. Kf3 g5 74. Kg2 g4 75. Kf1 h4 76. Ke1 h3 77. Kf1 Ke3 78. Kg1 g3 79. Kf1 h2 80. Kg2 Kf4 81. Kf1 Kf3 82. Ke1 h1=Q#) 60. Be4 Kc5 (60... Nb3 $19 61. Ke3 Nc5) 61. Bg2 $1 Nb5 62. Ke4 Kd6 63. Kd3 Nc7 64. Kc4 {[#]} b3 $1 65. Kxb3 Nxd5 66. Bf3 Ne3 67. Kc3 {[#]} e4 $1 68. Bxe4 Nxg4 69. Kd4 Ke6 70. Bc2 Kf6 71. Ke4 Kg5 (71... g5 $142 72. Bb3 Ne5 73. Bg8 h5 74. Bd5 g4 75. Ba8 Ng6 76. Ke3 h4 77. Be4 Kg5 78. Ba8 h3 79. Be4 Ne5 80. Ke2 g3 81. Bb7 Ng4 82. Kf1 h2 83. Ke1 Ne3 84. Ke2 g2 85. Kxe3 g1=Q+ 86. Kd2 Qd4+ 87. Kc2 Qc4+ 88. Kd1 Qb3+ 89. Kc1 Qxb7 90. Kc2 h1=Q 91. Kc3 Qhf3+ 92. Kc2 Qe2+ 93. Kc3 Qbb2#) 72. Kf3 h5 73. Kg3 Ne5 74. Kh3 h4 $2 (74... Kh6 75. Ba4 g5) 75. Ba4 $2 (75. Bb3) 75... Kf4 $2 (75... Nd3 $19 {aiming for ...Nf4+.} 76. Kg2 Nf4+ 77. Kf3 Ne6) 76. Kxh4 $11 {The position is equal.} g5+ 77. Kh3 Kf3 {( -> ...g4+)} 78. Bd1+ Kf2 79. Bh5 Ke3 80. Kg3 {Av CentiPawn Loss W=262/B=188. Weighted=69/-5} 1/2-1/2

[Event "Zlatni otok Krk Open 2020"]
[Site "Malinska"]
[Date "2020.11.05"]
[Round "1.6"]
[White "Katulic, Zlatko"]
[Black "Vidovic, Mario"]
[Result "0-1"]
[WhiteElo "1749"]
[BlackElo "2225"]
[Annotator "TA"]
[PlyCount "86"]
[EventDate "2020.11.05"]
[EventType "swiss"]
[EventCountry "CRO"]
[SourceTitle "playchess.com"]
[Source "ChessBase"]
[SourceQuality "1"]
[WhiteTeamCountry "CRO"]
[BlackTeamCountry "CRO"]

{[%evp 11,85,24,20,20,22,0,0,0,0,0,2,5,4,-42,0,0,20,13,21,29,24,16,32,31,46,41,38,39,36,45,49,45,63,-42,-44,-65,-34,-55,-54,-64,-68,-125,-39,-39,-7,-4,0,-49,-49,-222,-223,-199,-186,-404,-358,-552,-529,-2129,-817,-1082,-595,-729,-693,-29971,-29973,-29989,-29990,-29990,-29979,-29979,-29980,-29995,-29996,-29998,-29999,-29999]} 1. Nf3 e6 2. c4 d5 3. e3 c6 4. d4 f5 5. Nc3 Nf6 6. a3 Bd6 7. b4 {A85: Dutch Defence: 2 c4 Nf6 3 Nc3.} O-O 8. c5 Bc7 9. Be2 {The position is equal.} Nbd7 10. Ng5 Qe7 11. f4 $1 Ne4 {[#]} 12. Ncxe4 $146 ({Predecessor:} 12. Ngxe4 dxe4 13. O-O Nf6 14. b5 Bd7 15. a4 Nd5 16. Nxd5 exd5 17. Bd2 Rf6 18. Qb3 {1-0 (46) Pfeiffer,G-Siegel,P Bad Pyrmont 1950}) 12... fxe4 13. O-O h6 14. Nh3 e5 15. dxe5 Nxe5 16. Nf2 Bf5 17. Bb2 Nd3 18. Bd4 {[%cal Rf2d3]} Nxf2 19. Rxf2 a6 20. g4 Bd7 21. Rg2 g5 22. fxg5 (22. f5 $14) 22... hxg5 $15 23. a4 Be5 24. Rb1 Qf6 25. Qd2 Bxd4 26. exd4 (26. Qxd4 $15 Qxd4 27. exd4) 26... Qf4 (26... Qh6 $17 27. Qc3 Rf7) 27. Qc3 $1 Be6 28. Rf1 Qc7 29. Rxf8+ Rxf8 30. b5 $2 {[#] Now White is beyond hope.} (30. Qg3 $1 $15 Rf4 31. Rf2) 30... axb5 $19 31. axb5 Qf4 32. b6 $2 (32. Kh1 {is a better defense.}) 32... Kg7 33. h4 (33. Qa3 $142 Qd2 34. Qa1) 33... gxh4 {[#] ...h3! is the strong threat.} 34. Kh1 h3 (34... e3 $142 35. Qd3 Ra8) 35. Rg1 Qf2 36. Qd2 {intending Qg5+.} Rf4 37. Qd1 Bf7 {Black mates.} 38. Ba6 Bg6 ({Inferior is} 38... bxa6 39. b7 $11) 39. Qf1 bxa6 40. Qxf2 Rxf2 41. Rb1 e3 42. b7 Be4+ 43. Kg1 h2# {Av CentiPawn Loss W=-89/B=-77. Weighted=-70/-53} 0-1

[Event "Zlatni otok Krk Open 2020"]
[Site "Malinska"]
[Date "2020.11.05"]
[Round "1.7"]
[White "Vidovic, Sasa"]
[Black "Novak, Simona"]
[Result "1-0"]
[WhiteElo "2209"]
[BlackElo "1714"]
[Annotator "TA"]
[PlyCount "47"]
[EventDate "2020.11.05"]
[EventType "swiss"]
[EventCountry "CRO"]
[SourceTitle "playchess.com"]
[Source "ChessBase"]
[SourceQuality "1"]
[WhiteTeamCountry "CRO"]
[BlackTeamCountry "SLO"]

{[%evp 10,47,14,1,33,9,43,0,-1,-1,17,17,13,9,45,39,33,18,72,58,106,79,116,108,126,134,165,154,154,170,172,125,233,233,365,340,325,330,1782,1757]} 1. e4 c6 2. Nc3 d5 3. Nf3 Bg4 4. h3 Bxf3 5. Qxf3 e6 6. d3 Ne7 {[#] B11: Caro-Kann: Two Knights Variation.} 7. Bd2 $146 ({Predecessor:} 7. g4 Ng6 8. Bd2 Bd6 9. exd5 cxd5 10. O-O-O Nc6 11. Re1 O-O 12. h4 Nd4 13. Qh3 Nf4 14. Qe3 {0-1 (26) Ma,D (1925)-Srinivasan,H (1688) Regina 2019}) 7... Ng6 8. a3 d4 {The position is equal.} 9. Nd1 e5 10. g3 Bd6 11. h4 $36 {[%mdl 2048] White is pushing.} h5 12. Bh3 Nd7 13. b4 (13. b3 {is more complex.} Nf6 14. O-O Qe7 15. a4 Bb4 16. Bg5) 13... Qf6 (13... a5 $11 {keeps the balance.}) 14. Qe2 {[#] Strongly threatening Bg5.} Qd8 15. c3 c5 16. Rb1 Qc7 17. O-O Nf6 18. bxc5 Bxc5 19. cxd4 Bxd4 20. Bg5 Nd7 {[#]} (20... Rd8 $16 21. Ne3 Bxe3 22. fxe3 (22. Bxe3 b6 $16) 22... Rd6) 21. Ne3 $1 $18 O-O (21... Nc5 {was worth a try.} 22. Nd5 Qd6) 22. Nd5 ({Don't play} 22. Qxh5 Nc5 $18) 22... Qd6 23. Rxb7 ({Weaker is} 23. Qxh5 Nb6 $18) 23... f6 $2 (23... Nc5) 24. Rxd7 {Av CentiPawn Loss W=-12/B=-84. Weighted=-11/-179} 1-0

[Event "Zlatni otok Krk Open 2020"]
[Site "Malinska"]
[Date "2020.11.05"]
[Round "1.8"]
[White "Mihaljevic, Eva"]
[Black "Zadravec, Matija"]
[Result "0-1"]
[WhiteElo "1618"]
[BlackElo "2207"]
[Annotator "TA"]
[PlyCount "92"]
[EventDate "2020.11.05"]
[EventType "swiss"]
[EventCountry "CRO"]
[SourceTitle "playchess.com"]
[Source "ChessBase"]
[SourceQuality "1"]
[WhiteTeamCountry "CRO"]
[BlackTeamCountry "CRO"]

{[%evp 11,92,52,61,61,79,64,68,90,102,68,98,13,34,0,0,-44,12,15,0,-78,-76,-112,-58,-66,-58,-67,-62,-76,-72,-82,-90,-75,-74,-108,-93,-109,-97,-111,-100,-110,-116,-131,-127,-146,-118,-127,-101,-102,-106,-119,-81,-95,-96,-102,-92,-106,-47,-32,-38,-243,-243,-230,-229,-222,-229,-282,-279,-275,-274,-247,-246,-1310,-1307,-1257,-1241,-1098,-654,-1415,-1433,-1379,-1260,-29974,-12353]} 1. d4 Nf6 2. Bf4 d6 3. Nc3 Nbd7 4. Nf3 g6 5. e4 Bg7 6. Qd2 O-O 7. O-O-O {The main line 7.0-0-0 scores better than 7.Bh6. B08: Pirc Defence: Classical System.} c5 {[#] White must now prevent ...cxd4.} 8. Bh6 $1 cxd4 9. Nxd4 {White is slightly better.} Qa5 10. f3 Ne5 {[%cal Bd7e5,Be5f7,Bf7g5][%mdl 32]} 11. h4 {[#]} (11. Bxg7 $16 Kxg7 12. g4) 11... Be6 $146 ({Predecessor:} 11... Bd7 12. h5 Rac8 13. hxg6 fxg6 14. Bxg7 Kxg7 15. Qh6+ Kf7 16. Nb3 Qd8 17. g4 g5 {½-½ (28) Murphy,J (1750)-Drobotov,G (1856) IECG email 2007}) 12. Nxe6 fxe6 13. h5 Bxh6 (13... Nxh5 $15 14. Rxh5 gxh5 15. Bxg7 Kxg7 16. Qg5+ {[%mdl 64] Double Attack} Kh8 17. Qxe7 {[%mdl 64] Double Attack} Rae8 18. Qxd6 Nc6) 14. Qxh6 $11 {aiming for hxg6.} Nf7 15. Qf4 (15. Qd2 $11 {keeps the balance.}) 15... Nxh5 $17 16. Qh2 Qe5 ({Better is} 16... Rfc8 $17 17. Qh4 Qg5+ 18. Qxg5 Nxg5) 17. Bc4 $15 Qxh2 18. Rxh2 Ng5 19. Nb5 Rac8 20. Bb3 a6 21. Nd4 Rf6 22. Ne2 Kg7 23. Rhh1 e5 24. Rd3 Rff8 25. Bd5 Rc7 26. Rhd1 Rfc8 27. R3d2 Kf6 28. Nc3 e6 29. Bb3 Nf7 30. Ne2 Nf4 (30... Ke7 {keeps more tension.} 31. Rh1 Nf6 32. Nc3 h5 33. Nd1 g5) 31. g3 Nxe2+ 32. Rxe2 h5 33. Kd2 d5 ({Black should try} 33... a5 $17) 34. exd5 exd5 35. Bxd5 $2 {This costs White the game.} (35. Kc1 $15) 35... Rxc2+ $19 {[%mdl 64] Double Attack} 36. Ke1 Rxe2+ 37. Kxe2 {[%mdl 4096] Endgame KRB-KRN} Rc2+ 38. Rd2 Rxd2+ 39. Kxd2 {KB-KN} Nd6 40. Ke3 g5 41. f4 $2 (41. b4) 41... exf4+ 42. gxf4 {[#]} g4 $1 43. Kf2 Kf5 44. Kg3 {[#]} h4+ $1 {[%mdl 576] Deflection} 45. Kxh4 Kxf4 46. Be6 Nf5+ {Av CentiPawn Loss W=-86/B=-48. Weighted=-83/-58} 0-1

[Event "Zlatni otok Krk Open 2020"]
[Site "Malinska"]
[Date "2020.11.05"]
[Round "1.9"]
[White "Berke, Ana"]
[Black "Poljan, Max"]
[Result "1-0"]
[WhiteElo "2166"]
[BlackElo "1616"]
[Annotator "TA"]
[PlyCount "69"]
[EventDate "2020.11.05"]
[EventType "swiss"]
[EventCountry "CRO"]
[SourceTitle "playchess.com"]
[Source "ChessBase"]
[SourceQuality "1"]
[WhiteTeamCountry "CRO"]
[BlackTeamCountry "CRO"]

{[%evp 19,69,65,75,66,84,90,102,83,100,62,57,59,42,47,57,29,57,57,101,4,20,0,0,-31,-37,-45,229,233,227,231,228,214,228,218,203,211,258,269,261,237,256,255,227,246,442,438,441,435,1233,1194,1280,1269]} 1. e4 c5 2. Nf3 e6 3. c4 Nc6 4. Nc3 Be7 5. d4 cxd4 6. Nxd4 a6 7. Be2 Nf6 8. O-O Qc7 9. Be3 O-O 10. Rc1 d6 11. Nb3 {B54: Sicilian: 2...d6 3 d4 cxd4 4 Nxd4, Unusual Lines .} b6 {[#]} 12. Nd5 $146 ({Predecessor:} 12. f4 Bb7 13. Bf3 Rac8 14. Nd5 exd5 15. cxd5 Qb8 16. dxc6 Bxc6 17. Rxc6 Rxc6 18. e5 {0-1 (36) Zvarikova,A (1984)-Purgar,I (2079) Pardubice 2009}) 12... Qb7 13. Nxb6 {White is better.} Rb8 14. Bf3 {Hoping for e5!} Ne5 15. a4 Bd7 16. a5 Bc6 17. c5 Rfd8 18. Qc2 Nxe4 19. Be2 (19. cxd6 $16 Rxd6 20. Be2) 19... dxc5 20. f3 $36 {[%mdl 2048] [#] White fights for an advantage.} c4 $1 {[%cal Rc4b3][%mdl 512]} 21. Bxc4 (21. fxe4 {is interesting.} cxb3 22. Qc3 f6 23. Bf4 Bxe4 24. Bxe5 fxe5 25. Qxe5 Bf6 26. Rxf6 gxf6 27. Qxe6+ Kh8 28. Bxa6 Qxa6 29. Qxf6+ Kg8 30. Qe6+) (21. Nxc4 Nxc4) 21... Nxc4 22. Qxc4 Bb5 $2 {[%mdl 8192] Black cannot hold the game after this.} (22... Bd5 $1 $15 {stays ahead.} 23. Qc7 Bxb3 24. fxe4 Qxe4 25. Qxe7 Qxe3+ 26. Kh1 f5) 23. Qxe4 $18 Qxe4 24. fxe4 Bxf1 25. Kxf1 ({Inferior is} 25. Rxf1 Rd3 $11) 25... Rd3 {[#]} 26. Rc3 $1 {[%cal Rc3d3]} Rd1+ 27. Ke2 Rh1 28. Nc5 Bxc5 29. Bxc5 Rd8 30. Be7 Re8 31. Bd6 f5 $2 (31... Rg1 32. Kf3 Ra1) 32. Be5 {White is clearly winning.} Kf7 33. Nc8 Rg8 (33... Kg6 $142 34. Rc7 fxe4 35. Rxg7+ Kf5) 34. Rc7+ Ke8 35. Nd6+ {[%mdl 64] Double Attack. Av CentiPawn Loss W=-12/B=-62. Weighted=-11/-60} 1-0